| 000 | 00602nam a2200181Ia 4500 | ||
|---|---|---|---|
| 003 | OSt | ||
| 005 | 20260108121241.0 | ||
| 008 | 210210b1955 xxu||||| |||| 00| 0 eng d | ||
| 040 | _cAL | ||
| 041 | _aKannada | ||
| 082 | _a859/1124 | ||
| 100 |
_aEDGAR ALLAN POE. _9146261 _dಎಡ್ಗರ್ ಅಲನ್ ಪೋ |
||
| 245 |
_aSavige munche samadhi mattu itara kathegalu: _bಸಾವಿಗೆ ಮುಂಚೆ ಸಮಾಧಿ ಮತ್ತು ಇತರ ಕತೆಗಳು |
||
| 260 |
_aBengaLUru _bEch En Rav Bradars _c1955 |
||
| 690 |
_aKannada Fiction _9146262 |
||
| 906 | _a021869 | ||
| 942 |
_2ddc _cBK |
||
| 999 |
_c145975 _d145975 |
||